Elementary number theory : a computer approach /
Guardado en:
| Autor Principal: | |
|---|---|
| Formato: | Libro |
| Idioma: | English |
| Publicado: |
New York :
Intext Educational Publishers,
c1974.
|
| Materias: | |
| Etiquetas: |
Agregar Etiqueta
Sin Etiquetas, Sea el primero en etiquetar este registro!
|
| LEADER | 00767cam a2200229 a 4500 | ||
|---|---|---|---|
| 001 | MAT.inmabb003385 | ||
| 008 | 740321s1974####nyua#####b####001#0#eng## | ||
| 005 | 20130227163024.0 | ||
| 245 | 1 | 0 | |a Elementary number theory : |b a computer approach / |c Allan M. Kirch. |
| 260 | |a New York : |b Intext Educational Publishers, |c c1974. | ||
| 300 | |a xi, 339 p. : |b il. ; |c 24 cm. | ||
| 500 | |a Incluye programas en lenguaje FORTRAN IV. | ||
| 504 | |a Bibliografía: p. 333-334. | ||
| 510 | 4 | |a MR, |c 50 #212 | |
| 020 | |a 0700224564 | ||
| 100 | 1 | |a Kirch, Allan M. | |
| 650 | 0 | |a Number theory |x Data processing. | |
| 650 | 0 | |a FORTRAN (Computer program language) | |
| 084 | |a 11-01 (11-04) |2 msc2000 | ||
| 010 | |a 74005302 | ||
| 040 | |a DLC |c DLC |d DLC | ||
| 859 | |h 11 |i K58 |p A-4803 |b BIB. MATEMATICA | ||
